LIBRARY & INFORMATION CENTRE, KCAET, TAVANUR

ONLINE PUBLIC ACCESS CATALOGUE (OPAC)

University mathematics / (Record no. 9896)

MARC details
000 -LEADER
fixed length control field 00394cam a2200157ua 4500
041 ## - LANGUAGE CODE
Language code of text/sound track or separate title eng
082 ## - DEWEY DECIMAL CLASSIFICATION NUMBER
Classification number 510.1
Item number BLA/UN
100 ## - MAIN ENTRY--AUTHOR NAME
Personal name Blakey, Joseph .
245 ## - TITLE STATEMENT
Title University mathematics /
250 ## - EDITION STATEMENT
Edition statement 2 /
260 ## - PUBLICATION, DISTRIBUTION, ETC. (IMPRINT)
Place of publication London :
Name of publisher English Language Book Society ,
Year of publication 1962.
300 ## - PHYSICAL DESCRIPTION
Number of Pages 581 ; .
942 ## - ADDED ENTRY ELEMENTS (KOHA)
Koha item type Books
Holdings
Withdrawn status Lost status Damaged status Home library Current library Date acquired Full call number Accession Number Koha item type
      KAUAET KAUAET 07/04/2012 510.1 4309 Books
free website counter